| 000 | 01142cam a2200337 4500 | ||
|---|---|---|---|
| 008 | 090401t1989 xxu||||| |||| 00| 0 eng d | ||
| 020 | _a0854064265 | ||
| 035 | _a(Sirsi) u49014 | ||
| 041 | _aeng | ||
| 050 |
_a333.0062 _c18 |
||
| 090 | _aRICS 1989/34 ABCD | ||
| 110 |
_aRoyal Institution of Chartered Surveyors _94900 |
||
| 245 |
_aDirect professional access to barristers _bguidance notes to assist Chartered Surveyors in the use of direct access to barristers in England and Wales. |
||
| 260 |
_aLondon _bSurveyors Publications _c1989 |
||
| 300 |
_a24p. _c30cm. |
||
| 350 | _a9.95 | ||
| 490 | _aRICS Guidance Note | ||
| 520 | _aAppendix F (Clause 14) amended 1 May 1994. | ||
| 520 | _aWithdrawn November 2007. | ||
| 650 | _aBAR | ||
| 650 | _aBARRISTERS | ||
| 650 | _aABOUT RICS-RICS MEMBERS | ||
| 650 | _aCOUNSEL | ||
| 650 | _aBAR COUNCIL OF ENGLAND AND WALES LICENSED ACCESS SCHEME | ||
| 650 | _aGUIDANCE NOTES | ||
| 650 | _aMODEL TERMS OF ENGAGEMENT OF COUNSEL | ||
| 650 | _aRICS MODEL TERMS OF ENGAGEMENT OF COUNSEL IN DIRECT PROFESSIONAL ACCESS WORK | ||
| 650 | _aRICS | ||
| 942 | _n0 | ||
| 948 | _c04/03/1997 | ||
| 999 |
_c92467 _d92467 |
||